000 00627nam a2200229Ia 4500
005 20241216005956.0
008 180423s9999||||xx |||||||||||||| ||und||
020 _a84-7774-019-4
082 _a305.234
_bW21
100 _aWALLACE BELLE
245 0 _aLA EDUCACION DE LOS NIÑOS MAS CAPACES
_bPROGRAMAS Y RECURSOS DIDACTICOS PARA LA ESCUELA
250 _a0
260 _aESPAÑA
_bVISOR DIST.
_c1988
300 _a191 pag.
_c24 cm
341 _h0
490 _v0
_a0
505 _aIDENTIFICACION DE ALUMNOS CAPACITADOS
541 _aC
_d09-Oct-98
650 _aCIENCIAS SOCIALES
856 _zHumanidades
942 _cLIBRO
999 _c2205
_d2205